El Derecho provincial : génesis y antecedentes de la Ley de Régimen Local / génesis y antecedentes de la Ley de Régimen Local /
Colección:
San Jorge,
; núm. 2 (abril 1951), pàg. 82-83
Materias:
Administració local -- Dret i legislació -- Espanya
; Espanya -- Divisions administratives i polítiques
Idioma:
Español
MARC
| LEADER | 00000naa a2200000 a 4500 | ||
|---|---|---|---|
| 008 | 160829s1951 spc xx s spa c 000 0 cat d | ||
| 100 | 1 | |a Màndoli, Josep Ma. |9 20279 | |
| 245 | 1 | 3 | |a El Derecho provincial : |b génesis y antecedentes de la Ley de Régimen Local / |c José M.ª Mándoli Giró |
| 246 | 3 | 3 | |a Génesis y antecedentes de la Ley de Régimen Local |
| 490 | |a San Jorge, |v núm. 2 (abril 1951), pàg. 82-83 | ||
| 650 | 0 | |a Administració local |x Dret i legislació |z Espanya |9 11255 | |
| 651 | 0 | |9 54247 |a Espanya |x Divisions administratives i polítiques | |
| 710 | 1 | |a Espanya. |t Ley de 17 de julio de 1945, de Bases de Régimen Local |9 54550 | |
| 773 | |t San Jorge. |g Núm. 2 (abril 1951), pàg. 82-83 | ||
| 901 | |a Arxiu | ||
| 942 | |n 1 |2 udc |c ART | ||
| 952 | |0 0 |1 0 |4 0 |6 REV508 |7 1 |9 64572 |a Arxiu |b Arxiu |d 2022-12-01 |l 0 |o Rev-508 |r 2022-12-01 00:00:00 |w 2022-12-01 |y ARXIU |z També disponible a Rev-521 | ||
| 999 | |c 48154 |d 48154 | ||